Schaum's outline of theory and problems of electric circuits (Record no. 15876)

000 -LEADER
fixed length control field 00535nam a22001937a 4500
001 - CONTROL NUMBER
control field 15876
003 - CONTROL NUMBER IDENTIFIER
control field BD-DhUET
008 - FIXED-LENGTH DATA ELEMENTS--GENERAL INFORMATION
fixed length control field 150316b xxu||||| |||| 00| 0 eng d
040 ## - CATALOGING SOURCE
Original cataloging agency DLC
Transcribing agency DLC
Modifying agency BD-DhUET
082 ## - DEWEY DECIMAL CLASSIFICATION NUMBER
Classification number 623.01
Item number EDM/1965
100 ## - MAIN ENTRY--PERSONAL NAME
Personal name Edminister, Joseph A.
245 ## - TITLE STATEMENT
Title Schaum's outline of theory and problems of electric circuits
250 ## - EDITION STATEMENT
Edition statement 1st ed.
260 ## - PUBLICATION, DISTRIBUTION, ETC. (IMPRINT)
Place of publication, distribution, etc. New York
Name of publisher, distributor, etc. McGraw-Hill Book
Date of publication, distribution, etc. 1965
300 ## - PHYSICAL DESCRIPTION
Extent 289p.
490 ## - SERIES STATEMENT
Series statement Schaum's outline series
650 #0 - SUBJECT ADDED ENTRY--TOPICAL TERM
Topical term or geographic name as entry element Circuits : Electric : Engineering
942 ## - ADDED ENTRY ELEMENTS (KOHA)
Koha item type General Book
Holdings
Sublocation or collection (holding branch) Koha full call number Damaged status Price effective from Not for loan Copy number Koha normalized classification for sorting Koha item type Date acquired Withdrawn status Koha date last seen Shelving location Location (home branch) Lost status Piece designation (barcode) Source of classification or shelving scheme
Central Library, BUET623.01/EDM/1965 2015-03-16 1623_010000000000000_EDM_1965General Book2015-03-16 2015-03-16Circulation sectionCentral Library, BUET 14804 
Central Library, BUET623.01/EDM/1965 2015-03-16 2623_010000000000000_EDM_1965General Book2015-03-16 2015-03-16Circulation sectionCentral Library, BUET 36080 
Central Library, BUET623.01/EDM/1965 2015-04-25 3623_010000000000000_EDM_1965General Book2015-04-25 2015-04-25Circulation sectionCentral Library, BUET 9603 
Central Library, BUET623.01/EDM/1965 2015-04-25 4623_010000000000000_EDM_1965General Book2015-04-25 2015-04-25Circulation sectionCentral Library, BUET 9604 
Central Library, BUET623.01/EDM/1965 2015-04-25 5623_010000000000000_EDM_1965General Book2015-04-25 2015-04-25Circulation sectionCentral Library, BUET 14806 
Central Library, BUET623.01/EDM/1965 2015-06-29 6623_010000000000000_EDM_1965Reading Item2015-06-29 2015-06-29Reading sectionCentral Library, BUET 14808 
Central Library, BUET623.01/EDM/1965 2015-07-02 7623_010000000000000_EDM_1965Reading Item2015-07-02 2015-07-02Reading sectionCentral Library, BUET 9606